000 00908nam a22002297a 4500
005 20240530110551.0
008 160714s2014 ua a f b 000 0 ara d
017 _a2013/3131
_bمصر . دار الكتب المصرية
020 _a9789777220064
040 _aEG-CaGPL
082 0 4 _221
_a658.3\
_bأ إ
100 0 _aاحمد جابر حسنين على
245 1 2 _aالادارة الفعالة للموارد البشرية :
_bدليل المدير المحترف /
_cتاليف احمد جابر حسنين على
250 _aط. 1
260 _aالقاهرة :
_bالمجموعة العربية للتدريب و النشر ،
_c2014 .
300 _a418 ص. ؛
_c24 سم .
504 _aيشتمل على ارجاعات ببليوجرافية
650 0 4 _aحقوق الانسان
650 0 4 _aادارة الافراد
650 0 4 _aالاسلام و الادارة
942 _2ddc
_cBK
999 _c62452
_d62452